Catálogo de los dibujos de los siglos XVI y XVII de la colección del Museo de la Casa de la Moneda / (Record no. 58294)
[ view plain ]
| 000 -LEADER | |
|---|---|
| campo de control de longitud fija | 00983nam a2200241 i 4500 |
| 001 - NÚMERO DE CONTROL | |
| campo de control | 58294 |
| 003 - IDENTIFICADOR DE NÚMERO DE CONTROL | |
| campo de control | ES-MaACL |
| 005 - FECHA Y HORA DE LA ÚLTIMA TRANSACCIÓN | |
| campo de control | 20230906163753.0 |
| 007 - CAMPO FIJO DE DESCRIPCIÓN FÍSICA--INFORMACIÓN GENERAL | |
| campo de control de longitud fija | t| |
| 008 - DATOS DE LONGITUD FIJA--INFORMACIÓN GENERAL | |
| campo de control de longitud fija | 031021s1980 sp f c |||| | spa d |
| 080 ## - NÚMERO DE LA CLASIFICACIÓN DECIMAL UNIVERSAL | |
| Número de la Clasificación Decimal Universal | 74"15/16":069.538(460.27 M.)Casa de la Moneda |
| 080 ## - NÚMERO DE LA CLASIFICACIÓN DECIMAL UNIVERSAL | |
| Número de la Clasificación Decimal Universal | 749.1:069(460.27 M.)Casa de la Moneda |
| 100 1# - ENTRADA PRINCIPAL--NOMBRE DE PERSONA | |
| Nombre de persona | Durán González-Meneses, Reyes. |
| 9 (RLIN) | 46218 |
| 245 10 - MENCIÓN DEL TÍTULO | |
| Título | Catálogo de los dibujos de los siglos XVI y XVII de la colección del Museo de la Casa de la Moneda / |
| Mención de responsabilidad, etc. | Reyes Durán González-Meneses. |
| 260 ## - PUBLICACIÓN, DISTRIBUCIÓN, ETC. | |
| Lugar de publicación, distribución, etc. | [Madrid : |
| Nombre del editor, distribuidor, etc. | s.n., |
| Fecha de publicación, distribución, etc. | 1980] ( |
| Fabricante | Imp. Fábrica Nacional de Moneda y Timbre) |
| 300 ## - DESCRIPCIÓN FÍSICA | |
| Extensión | 208 p., 124 lám. ; |
| Dimensiones | 25 cm. |
| 500 ## - NOTA GENERAL | |
| Nota general | Índices. |
| 504 ## - NOTA DE BIBLIOGRAFÍA, ETC. | |
| Nota de bibliografía, etc. | Bibliografia: p. 89-93. |
| 610 24 - PUNTO DE ACCESO ADICIONAL DE MATERIA--NOMBRE DE ENTIDAD CORPORATIVA | |
| Nombre de entidad corporativa o nombre de jurisdicción como elemento de entrada | Museo Casa de la Moneda (España) |
| 9 (RLIN) | 157038 |
| 650 #4 - PUNTO DE ACCESO ADICIONAL DE MATERIA--TÉRMINO DE MATERIA | |
| Término de materia o nombre geográfico como elemento de entrada | Dibujo- |
| Subdivisión cronológica | S.XVI- |
| Subdivisión geográfica | Museo Casa de la Moneda (España)- |
| Subdivisión de forma | Catálogos. |
| 9 (RLIN) | 157040 |
| 650 #4 - PUNTO DE ACCESO ADICIONAL DE MATERIA--TÉRMINO DE MATERIA | |
| Término de materia o nombre geográfico como elemento de entrada | Dibujo- |
| Subdivisión cronológica | S.XVII- |
| Subdivisión geográfica | Museo Casa de la Moneda (España)- |
| Subdivisión de forma | Catálogos. |
| 9 (RLIN) | 157041 |
| 852 ## - LOCALIZACIÓN | |
| Ubicación | ES-MaACL |
| Número de control de estantería | L-46 |
| Estatus retirado | Estado de pérdida | Estado de daño | No para préstamo | Biblioteca de origen | Biblioteca actual | Ubicación en estantería | Fecha de adquisición | Fuente de adquisición | Total de préstamos | Signatura topográfica completa | Código de barras | Visto por última vez | Precio de reemplazo | Tipo de ítem Koha |
|---|---|---|---|---|---|---|---|---|---|---|---|---|---|---|
| Biblioteca del Ateneo de Madrid | Biblioteca del Ateneo de Madrid | Depósito 2 | 17/01/2008 | L-46 | 1061170 | 23/02/2023 | 23/02/2023 | Libro impreso |
